LEADER 01185nam a2200289 i 4500 001 000000346675 003 CaOOAMICUS 005 20210618122514.0 008 210618s2018 it u000 u ita u 013 $a190120 020 $a978-88-7839-206-9 040 $aSeMil$bita 100 1 $aLadaria Ferrer, Luís Francisco,$c.$0(OLS)http://semarc/name/90354 245 00$aAntropologia teologica /$cLuis F. Ladaria. 250 $a3. Rist. della 2. Ed. 264 1$aRoma :$bGBP, Gregorian & Biblical Press,$c2018. 300 $a502 p. ;$c21 cm. 490 0 $aTheologia ;$v3 650 4$aGrazia divina.$0(OLS)http://semarc/subject/229 650 4$aAntropologia teologica.$0(OLS)http://semarc/subject/2114 830 0$aTheologia ;$v3.$0(OLS)http://semarc/title/438510 850 $aSeMil 852 $aSeMil$W1$xVenegono$y1$m2HA K 3$j241125$B237758$CSeMilBibl$Z2$F237758 $81 996 $6020$a978-88-7839-206-9$9(OLS)http://semarc/number/293504 996 $6245$aAntropologia teologica$9(OLS)http://semarc/title/720 996 $6264$aRoma :$bGBP, Gregorian & Biblical Press$9(OLS)http://semarc/publisher/33573 LEADER 00786nab a2200181 i 4500 001 000000291550 003 CaOOAMICUS 005 20171016000000.0 008 171016n xx uu u0 0und r 013 $a47013 020 $a978-2-87324-577-1 040 $aSeMil$bita 245 10$aInitier à la rencontre et au dialogue avec des croyants d'autres religions. 500 $aSeptembre 2017. 700 1 $aDemers, Bruno,$c.$0(OLS)http://semarc/name/84626 773 0 $t[2017].$dFribourg : Université de Fribourg, Département de théologie pratique de la Faculté de theologie, copyr. 2017.$w()253586 996 $6020$a978-2-87324-577-1$9(OLS)http://semarc/number/285129 996 $6245$aInitier à la rencontre et au dialogue avec des croyants d'autres religions.$9(OLS)http://semarc/title/415034